Como se proyecta una vivienda / (Registro nro. 2158)
[ vista simple ]
| 000 -LEADER | |
|---|---|
| fixed length control field | 00721nam a2200241Ia 4500 |
| 003 - CONTROL NUMBER IDENTIFIER | |
| control field | PE SENCICO BE |
| 005 - DATE AND TIME OF LATEST TRANSACTION | |
| control field | 20251020182533.0 |
| 008 - FIXED-LENGTH DATA ELEMENTS--GENERAL INFORMATION | |
| fixed length control field | 200515s9999 xx 000 0 und d |
| 020 ## - INTERNATIONAL STANDARD BOOK NUMBER | |
| International Standard Book Number | 968-6085-04-1 |
| 040 ## - CATALOGING SOURCE | |
| Original cataloging agency | PE SENCICO BE |
| Transcribing agency | PE SENCICO BE |
| 041 ## - LANGUAGE CODE | |
| Language code of text/sound track or separate title | spa |
| 082 ## - DEWEY DECIMAL CLASSIFICATION NUMBER | |
| Classification number | 728.1 |
| Edition information | 1994 |
| Item number | M72 |
| 100 1# - MAIN ENTRY--PERSONAL NAME | |
| Personal name | Moia, José Luis |
| 9 (RLIN) | 614 |
| Relator term | autor |
| 245 10 - TITLE STATEMENT | |
| Title | Como se proyecta una vivienda / |
| Statement of responsibility, etc. | José Luis Moia |
| 250 ## - EDITION STATEMENT | |
| Edition statement | 12a ed. |
| 260 ## - PUBLICATION, DISTRIBUTION, ETC. | |
| Place of publication, distribution, etc. | Barcelona : |
| Name of publisher, distributor, etc. | Gustavo Gili, |
| Date of publication, distribution, etc. | 1994 |
| 300 ## - PHYSICAL DESCRIPTION | |
| Extent | 151 p. : |
| Other physical details | diagrs., |
| Dimensions | 28 cm. |
| 650 14 - SUBJECT ADDED ENTRY--TOPICAL TERM | |
| Topical term or geographic name entry element | Arquitectura de viviendas |
| 9 (RLIN) | 370 |
| 650 24 - SUBJECT ADDED ENTRY--TOPICAL TERM | |
| Topical term or geographic name entry element | Planos |
| 9 (RLIN) | 615 |
| 650 24 - SUBJECT ADDED ENTRY--TOPICAL TERM | |
| Topical term or geographic name entry element | Distribución de espacios (viviendas) |
| 9 (RLIN) | 199 |
| 650 24 - SUBJECT ADDED ENTRY--TOPICAL TERM | |
| Topical term or geographic name entry element | Diseño de interiores |
| 9 (RLIN) | 44 |
| 942 ## - ADDED ENTRY ELEMENTS (KOHA) | |
| Koha item type | Libros |
| Source of classification or shelving scheme | Dewey Decimal Classification |
| Fecha de la última vez que lo usaron | Número de ingreso o de inventario | Pago total | Signatura topográfica completa | Código de barras | Precio efectivo desde | Tipo de documento | Estado perdido | Sistema de clasificación | Estado dañado | No es para préstamo | Retirado | Ubicación permanente | Ubicación actual | Fecha de adquisición | Número de ejemplar |
|---|---|---|---|---|---|---|---|---|---|---|---|---|---|---|---|
| 15/05/2020 | 8936 | 728.1/M72/1994 | Bib-Lima15052158 | 15/05/2020 | Libros | Dewey Decimal Classification | Biblioteca Central Lima | Biblioteca Central Lima | 15/05/2020 | ||||||
| 07/02/2023 | 16519 | 728.1/M72/1994/ej. 2 | 07/02/2023 | Libros | Dewey Decimal Classification | Biblioteca Central Lima | Biblioteca Central Lima | 07/02/2023 | ej. 2 |